economics (Record no. 5324)

MARC details
000 -LEADER
fixed length control field 00430nam a22001817a 4500
003 - CONTROL NUMBER IDENTIFIER
control field OSt
005 - DATE AND TIME OF LATEST TRANSACTION
control field 20210921101347.0
008 - FIXED-LENGTH DATA ELEMENTS--GENERAL INFORMATION
fixed length control field 210921b |||||||| |||| 00| 0 eng d
020 ## - INTERNATIONAL STANDARD BOOK NUMBER
International Standard Book Number 0070549818
040 ## - CATALOGING SOURCE
Transcribing agency hu
082 ## - DEWEY DECIMAL CLASSIFICATION NUMBER
Classification number 330
100 ## - MAIN ENTRY--PERSONAL NAME
Personal name Paul A. samuelson / Williamd.nordhaus
9 (RLIN) 5419
245 ## - TITLE STATEMENT
Title economics
250 ## - EDITION STATEMENT
Edition statement fifteenth edition
260 ## - PUBLICATION, DISTRIBUTION, ETC.
Place of publication, distribution, etc. usa
Name of publisher, distributor, etc. mcgraw-hill,inc
Date of publication, distribution, etc. 1995
300 ## - PHYSICAL DESCRIPTION
Extent 789
942 ## - ADDED ENTRY ELEMENTS (KOHA)
Source of classification or shelving scheme Dewey Decimal Classification
Koha item type Books like text book referance book
Suppress in OPAC No
Holdings
Withdrawn status Lost status Source of classification or shelving scheme Damaged status Not for loan Home library Current library Date acquired Total Checkouts Date last seen Price effective from Koha item type
    Dewey Decimal Classification     College of Business and Economics Library College of Business and Economics Library 09/21/2021   09/21/2021 09/21/2021 Books like text book referance book